All countries of the world coastlines - Statistics

General Stats
  • This quiz has been taken 43 times
  • The average score is 82 of 154
Answer Stats
Picture Answer % Correct
Cuba
100%
Italy
100%
Cyprus
96%
Greece
93%
Bahamas
89%
Dominican Republic
86%
Iceland
86%
Malta
86%
Chile
82%
Egypt
82%
Estonia
82%
Haiti
82%
Ireland
82%
Madagascar
82%
Morocco
82%
Panama
82%
Qatar
82%
Turkey
82%
United Kingdom
82%
United States
82%
Australia
79%
Canada
79%
Costa Rica
79%
Croatia
79%
Denmark
79%
France
79%
India
79%
Indonesia
79%
Japan
79%
Mexico
79%
Netherlands
79%
New Zealand
79%
Norway
79%
Philippines
79%
Portugal
79%
Russia
79%
Singapore
79%
Somalia
79%
South Korea
79%
Spain
79%
Sri Lanka
79%
Trinidad and Tobago
79%
Brazil
75%
China
75%
Gambia
75%
Jamaica
75%
Maldives
75%
Nauru
75%
Nicaragua
75%
North Korea
75%
Papua New Guinea
75%
Saint Kitts and Nevis
75%
South Africa
75%
Ukraine
75%
Yemen
75%
Malaysia
71%
Vietnam
71%
Colombia
64%
Dominica
64%
East Timor
64%
Senegal
64%
Solomon Islands
64%
Sweden
64%
Bahrain
61%
Finland
61%
Germany
61%
Saudi Arabia
61%
Barbados
57%
Fiji
57%
Guyana
57%
Iran
57%
Israel
57%
Libya
57%
Angola
54%
Antigua and Barbuda
54%
Cape Verde
54%
Honduras
54%
Saint Vincent and the Grenadines
54%
São Tomé and príncipe
54%
Bangladesh
50%
Comoros
50%
Guinea-Bissau
50%
Kiribati
50%
Oman
50%
Saint Lucia
50%
Samoa
50%
Tunisia
50%
Equatorial Guinea
46%
Marshall Islands
46%
Tuvalu
46%
Venezuela
46%
Bosnia and Herzegovina
43%
Latvia
43%
Liberia
43%
Myanmar
43%
Palau
43%
Suriname
43%
Thailand
43%
United Arab Emirates
43%
Vanuatu
43%
Argentina
39%
Grenada
39%
Albania
36%
Algeria
36%
Djibouti
36%
El Salvador
36%
Guatemala
36%
Kuwait
36%
Mauritius
36%
Mozambique
36%
Poland
36%
Seychelles
36%
Tanzania
36%
Belize
32%
Benin
32%
Lebanon
32%
Micronesia
32%
Monaco
32%
Namibia
32%
Bulgaria
29%
Democratic Republic of the Congo
29%
Peru
29%
Uruguay
29%
Brunei
25%
Cameroon
25%
Ecuador
25%
Gabon
25%
Ivory Coast
25%
Nigeria
25%
Sierra Leone
25%
Togo
25%
Turkmenistan
25%
Azerbaijan
21%
Belgium
21%
Ghana
21%
Guinea
21%
Iraq
21%
Lithuania
21%
Romania
21%
Cambodia
18%
Eritrea
18%
Georgia
18%
Kenya
18%
Mauritania
18%
Pakistan
18%
Jordan
14%
Republic of the Congo
14%
Sudan
14%
Tonga
14%
Uganda
14%
Slovenia
11%
Syria
11%
Kazakhstan
7%
Montenegro
7%
No matching quizzes found
Score Distribution
Percent of People with Each Score
Percentile by Number Answered
Your Score History
You have not taken this quiz